| 000 | 00963nam a2200289Ia 4500 | ||
|---|---|---|---|
| 005 | 20220317000658.0 | ||
| 008 | 160601s2003 ck g 000 0 spa | ||
| 020 | _a9584207644 | ||
| 100 | 1 |
_aAbad Faciolince, Héctor _d1958- |
|
| 245 | 1 | 0 |
_aAngosta _cHéctor Abad Faciolince |
| 250 | _a1a. edición | ||
| 300 |
_a374 páginas _c23 cm |
||
| 490 | _aLetras colombianas de hoy | ||
| 500 | _aIncluye datos biográficos del autor | ||
| 650 | 1 | 4 |
_2LEMB _aNovela colombiana _ySiglo XX |
| 650 | 1 | 4 |
_2LEMB _aLiteratura colombiana _ySiglo XX |
| 650 | 1 | 4 |
_2LEMB _aRelaciones humanas en la literatura |
| 650 | 1 | 4 |
_2LEMB _aHoteles en la literatura |
| 650 | 1 | 4 |
_2LEMB _aDiscriminación social en la literatura |
| 942 |
_2loc _cBKLIT |
||
| 264 |
_aBogotá _bSeix Barral _c2003 |
||
| 336 |
_atexto _btxt _2rdacontent |
||
| 337 |
_asin mediación _bn _2rdamedia |
||
| 338 |
_avolumen _bnc _2rdacarrier |
||
| 040 |
_aCO-BoRNBP _bspa _erda _cCO-BoRNBP |
||
| 084 | _aN ABA1 | ||
| 999 |
_c4748 _d4748 |
||